1079 1466 1584 1137 1380 1832 1778 1024 1657 1846 1981 1791 1837 1537 1609 1775 1505 1637 1058 1313 1102 1445 1573 1790 1613 1950 1081 1937 1930 1733 1694 1225 1749 1288 1637 1245 1746 1620 1160 1548 1045 1367 1237 1044 1777 1706 1285 1670 1794 1841 1558 1169 1777 1622 1199 1712 1667 1371 1383 1072 1192 1631 1709 1511 1257 1934 1438 1119 1893 1152 1912 1337 1944 1483 1123 1486 1333 1795 1417 1545 1658 1490 1581 1311 1351 1566 1328 1841 1611 1598 1879 1050 1200 1253 1150 1291 1276 1905 1391 BCNSPRNW ULIB Ver.6.0+V

เปลี่ยนเป็นภาษาไทย

Change to English
 แสดงรายละเอียดบรรณานุกรม
  กลับหน้าหลัก

Brief Record : Get Marc (ISO 2709) : E-mail record : QR code < ปิดหน้าต่าง
LEADER : 00000nam 2200000uu 4500
001    13399125924
003     ULIB
008    171025s||||||||th 000 0 tha d
020    ู^a9789745337176
060    ^aWY152.5^bจ265ก
100    ^aจันทร์ทิรา เจียรณัย.
245    ^aการพยาบาลผู้ป่วยที่มีปัญหาการผันแปรของออกซิเจนและการระบายอากาศ/^bจันทร์ทิรา เจียรณัย.
260    ^aนครราชสีมา :^bมหาวิทยาลัยเทคโนโลยีสุรนารี,^c2560
300    ^a528 หน้า;^c30 ซม.
650    ^aหัวใจ-โรค-ผู้ป่วย
650  0 ^aผู้ป่วย-การดูแล
945    ^p480^l0^i25668
945    ^p480^l0^i25669
999    ^aกัณชพร จุลอักษร
รายการนี้ยังไม่มีแท็ก
คุณยังไม่ได้ล็อกอิน คุณสามารถมีกิจกรรมร่วมกับเว็บไซต์ได้ แต่ต้องล็อกอินก่อน ::
  ล็อกอิน

รายการสื่อสารสนเทศ

ลำดับที่ ประเภท เลขเรียก/บาร์โค้ด สถานที่ สถานะ
1. หนังสือสำรอง
หนังสือสำรอง
WY152.5 จ265ก ฉ.1 
  Barcode: 25668
ห้องสมุดวิทยาเขตนครสวรรค์
►หนังสือทั่วไป:l:General Books
บนชั้น
2. วิทยาศาสตร์การแพทย์ และสุขภาพ
วิทยาศาสตร์การแพทย์ และสุขภาพ
WY152.5 จ265ก ฉ.2 
  Barcode: 25669
ห้องสมุดวิทยาเขตนครสวรรค์
►หนังสือทั่วไป:l:General Books
บนชั้น

รายการใกล้เคียง
    หัวเรื่อง [หัวใจ-โรค-ผู้ป่วย]
    หัวเรื่อง [ผู้ป่วย-การดูแล]

BibComment


ยังไม่เคยถูกคอมเมนท์

คอมเมนท์ทรัพยากรรายการนี้
  คอมเมนท์: การพยาบาลผู้ป่วย..


 Copyright 2026. Bcnsprnw @Library